Eniten Jussi-palkintoja voittaneet näyttelijät - Statistics

Yleistilastot
  • Tätä visaa on pelattu 31 kertaa
  • Keskiarvotulos 10 / 48
Vastaustilastot
Vastaus % Oikein
Vesa-Matti Loiri
96%
Tauno Palo
58%
Krista Kosonen
54%
Martti Suosalo
54%
Antti Litja
50%
Alma Pöysti
46%
Eero Aho
46%
Tommi Korpela
42%
Joel Rinne
35%
Peter Franzén
35%
Esko Salminen
31%
Kati Outinen
31%
Lasse Pöysti
31%
Eeva-Kaarina Volanen
27%
Hannu-Pekka Björkman
27%
Linnea Leino
27%
Mimosa Willamo
27%
Maija Karhi
23%
Heikki Nousiainen
19%
Jani Volanen
19%
Jussi Jurkka
19%
Kari Väänänen
19%
Emma Väänänen
15%
Kari Heiskanen
15%
Seela Sella
15%
Siiri Angerkoski
15%
Elina Salo
12%
Ilkka Heiskanen
12%
Martti Kainulainen
12%
Outi Mäenpää
12%
Elena Leeve
8%
Hannes Häyrinen
8%
Hannu Lauri
8%
Eeva Eloranta
4%
Leea Klemola
4%
Oona Airola
4%
Paavo Pentikäinen
4%
Rakel Laakso
4%
Rauli Tuomi
4%
Rauni Luoma
4%
Senni Nieminen
4%
Uuno Laakso
4%
Liisamaija Laaksonen
0%
Rauha Rentola
0%
Salli Karuna
0%
Satu Tuuli Karhu
0%
Tea Ista
0%
Tuula Nyman
0%
Ehtoja vastaavia visoja ei löytynyt
Tulosjakauma
Jokaisen tuloksen saaneiden osuus
Persentiili vastausten määrän mukaan
Tuloshistoriasi
Et ole pelannut tätä visaa